000 00433nam a2200169Ia 4500
003 SGT
020 _a9788131500439
082 _a621.39
_bROT
100 _aRoth,Charles H
245 _afundamentals of logic design
250 _a5th Ed.
260 _bCengage Learning
_aAutralia
_c2004
300 _a687p.
650 _aElectronics Engineering
653 _aBoolean Algebra,Karnaugh Maps, Latches And Flip -flops
942 _2ddc
_cBK
999 _c5488
_d5488